000 00664nam a2200193Ii 4500
003 JO-AjNU
008 230605s9999||||xx |||||||||||||| ||und||
040 _aJO-AjNU
_bara
_erda
_cJO-AjNU
041 _aara
050 1 4 _aDS36.7 1993
100 3 _aأحمد، صلاح زكي,
_eauthor
_916183
245 0 0 _aقادة الفكر العربي: عصر النهضة العربية 1798-1930
264 3 1 _aالكويت: دار سعاد الصباح، 1993
300 _a263ص
336 _atext
_btxt
_2rdacontent
337 _aunmediated
_bn
_2rdamedia
338 _avolume
_bnc
_2rdacarrier
650 4 _aالفكر العربي 1798-1930 - قادة - تاريخ
_916184
999 _aA4740
_c8308
_d8308